Detalles MARC
| 000 -LÍDER |
| Campo fijo de descripción fija |
019430000a22003130004500 |
| 001 - NÚMERO DE CONTROL |
| Campo de control |
20473 |
| 003 - IDENTIFICADOR DEL NÚMERO DE CONTROL |
| Campo de control |
CO-MdFUSB |
| 005 - FECHA Y HORA DE LA ULTIMA TRANSACCIÓN |
| control field |
20180622074841.0 |
| 008 - ELEMENTOS DE LONGITUD FIJA -- INFORMACIÓN GENERAL |
| Campo fijo de descripción fija -- Información general |
160926t1993 xxu||||g |||| 00| 0 eng d |
| 020 ## - NÚMERO INTERNACIONAL NORMALIZADO PARA LIBROS |
| Número Internacional Normalizado del libro |
0-8006-2665-6 |
| 040 ## - FUENTE DE CATALOGACIÓN |
| Agencia de catalogación original |
CO-MdFUSB |
| Idioma de catalogación |
Español |
| Agencia que realiza la transcripción |
CO-MdFUSB |
| Agencia que realiza la modificación |
CO-MdFUSB |
| 041 ## - CÓDIGO DE IDIOMA |
| Código de idioma para texto/pista de sonido o título separado |
eng |
| 082 ## - NÚMERO DE CLASIFICACIÓN DECIMAL DEWEY |
| Número de la edición del Dewey |
24 |
| Número de clasificación |
230.0411 |
| Clave de autor-Numero de item |
R397c |
| 100 1# - ASIENTO PRINCIPAL--NOMBRE PERSONAL |
| Nombre personal |
Rendtorff, Rolf |
| Término relacionador |
autor |
| 245 10 - TÍTULO |
| Título del Material |
Canon and theology |
| Parte restante del título - Subtitulo |
: Overtures to an Old Testament theology |
| Mención de responsabilidad, etc. |
/ Rolf Rendtorff ; Translated and edited by Margaret Kohl |
| 264 ## - PRODUCCIÓN, PUBLICACIÓN, DISTRIBUCIÓN, MANUFACTURA, Y COPYRIGHT |
| Lugar de producción, publicación, distribución, manufactura |
Minneapolis, Minnesota : |
| Nombre del productor, publicador, distribuidor |
Fortress Press, |
| Fecha de producción, publicación, distribución, manufactura, o copyright |
1993 |
| 300 ## - DESCRIPCIÓN FÍSICA |
| Extensión |
xii, 235 páginas |
| 336 ## - TIPO DE CONTENIDO |
| Fuente |
rdacontent |
| Término de tipo de contenido |
|
| Código de tipo de contenido |
|
| 337 ## - TIPO DE MEDIO |
| Fuente |
rdamedia |
| Nombre del tipo de medio |
|
| Código del tipo de medio |
|
| 338 ## - TIPO DE SOPORTE |
| Fuente |
rdacarrier |
| Nombre del tipo de soporte |
|
| Código Tipo de soporte |
|
| 490 ## - MENCIÓN DE SERIE |
| Mención de serie |
Overtures to Biblical Theology |
| 500 ## - NOTA GENERAL |
| Nota General |
Título original en alemán: Kanon und Theologie: Vorarbeiten zu einer Theologie des Alten Testaments \ Incluye índices (p. 225-235) |
| 501 ## - NOTA DE “CON” |
| Nota de Contenido |
Rústico |
| 505 00 - NOTA DE CONTENIDO |
| Nota de contenido con formato preestablecido |
La teología del Antiguo Testamento - La exégesis rabínica y el moderno erudito cristiano de la Biblia - Nuevas tendencias en la exégesis del Antiguo Testamento - Hacia una lectura judía-cristiana común de la Biblia hebrea - La importancia del canon para una teología del Antiguo Testamento - El lugar de la profecía en una teología del Antiguo Testamento - La imagen de Israel postexílico en la erudición alemana del Antiguo Testamento - ¿Interpretación cristológica como una forma de "salvar" el Antiguo Testamento? - Creación y la historia de la salvación - Revelación y la historia - "Pacto" como concepto estructurante en Génesis y Éxodo - La historia "La infancia de Samuel" en su marco literaria - La composición del libro de Isaías - Lo que es nuevo en el nuevo pacto - Cuatro décadas del estudio del Antiguo Testamento |
| 653 ## - TÉRMINO DE INDIZACIÓN - NO CONTROLADO |
| Término no controlado |
Bible. Old Testament -- Theology |
| 653 ## - TÉRMINO DE INDIZACIÓN - NO CONTROLADO |
| Término no controlado |
Biblia. Antiguo Testamento -- Teología |
| 942 ## - TIPO DE MATERIAL (KOHA) |
| Tipo de Item KOHA |
Libros General |